100 animés par image - Facile - Statistiques

Statistiques générales
  • Ce quiz a été pris 45 fois
  • Le résultat moyen est 68 sur 100
Statistiques - réponses
Par images Réponse % Correct
Boruto: Naruto Next Generations
97%
Death Note
97%
Dragon Ball
97%
Naruto
97%
ONE PIECE
97%
One-Punch Man
97%
Assassination Classroom
94%
Attack on Titan
94%
Fairy Tail
94%
Fullmetal Alchemist
94%
Mon voisin Totoro
94%
My Hero Academia
94%
Bleach
91%
Demon Slayer
91%
GTO: Great Teacher Onizuka
91%
JoJo's Bizarre Adventure
91%
Le Voyage de Chihiro
91%
Food Wars!
89%
HAIKYU!!
89%
Hunter x Hunter
89%
Vinland Saga
89%
Black Clover
86%
Code Geass
86%
JUJUTSU KAISEN
86%
The Seven Deadly Sins
86%
Tokyo Ghoul
86%
Tokyo Revengers
86%
Dr. STONE
83%
SPY x FAMILY
83%
Your Name.
83%
Chainsaw Man
80%
Fire Force
80%
Hajime no Ippo
80%
Le Château Ambulant
80%
Mob Psycho 100
80%
Violet Evergarden
80%
Baki
77%
Berserk
77%
Frieren: Beyond Journey’s End
77%
Neon Genesis Evangelion
77%
Princesse Mononoké
77%
The Promised Neverland
77%
BEASTARS
74%
Cowboy Bebop
74%
Gintama
74%
Solo Leveling
74%
Cyberpunk: Edgerunners
71%
DAN DA DAN
71%
Kuroko's Basketball
71%
Kingdom
69%
MASHLE
69%
Overlord
69%
Classroom of the Elite
66%
Oshi No Ko
66%
Re:ZERO -Starting Life in Another World-
66%
Soul Eater
66%
Tensura
66%
The Apothecary Diaries
66%
Sword Art Online
63%
Another
60%
Black Lagoon
60%
Death Parade
60%
Kakegurui
60%
No Game, No Life
60%
Your lie in April
60%
Beelzebub
57%
Kaguya-sama: Love is War
57%
Kaiju No. 8
57%
Mushoku Tensei: Jobless Reincarnation
57%
The Future Diary
57%
Black Butler
54%
DARLING in the FRANXX
54%
Erased
54%
Kill la Kill
54%
Konosuba
54%
Ranma ½
54%
Samurai Champloo
54%
The Disastrous Life of Saiki K.
54%
The Rising of the Shield Hero
54%
Steins;Gate
51%
A Silent Voice
49%
Magi
49%
Akame ga Kill!
46%
Bunny Girl Senpai
46%
Monster
46%
Noragami
46%
Tower of God
46%
GOBLIN SLAYER
43%
Toradora!
43%
BOCCHI THE ROCK!
40%
Nisekoi
37%
Seraph of the End
37%
Umamusume
37%
86 EIGHTY-SIX
34%
Danganronpa
34%
Bungo Stray Dogs
31%
Puella Magi Madoka Magica
26%
Angel Beats!
20%
Arifureta: From Commonplace to World's Strongest
20%
Bakemonogatari
20%
Aucun quiz correspondant
Distribution des résultats
% des personnes avec chaque résultat
Percentile par nombre de réponses
Votre historique - résultats
Vous n’avez pas pris ce quiz